| 000 | 00868nam a22002057a 4500 | ||
|---|---|---|---|
| 003 | MX-MxUPN | ||
| 005 | 20250909081454.0 | ||
| 008 | 250909s1995 ti ||||fr|||| 100 0 fre d | ||
| 040 |
_aMX-MxUPN _bspa _cMX-MxUPN |
||
| 041 | 1 |
_afre _aara _aeng |
|
| 050 | 1 | 4 |
_aTJ838 _bC6 1995 |
| 111 | 2 |
_aComisión solar mundial. Comité patrocinador de ministros responsables de energía _d(1995 : _cTúnez) |
|
| 245 | 1 | 0 |
_aConseil Solaire Mediterraneen. Réunion du comité de parrainage minstres chargés de l´énergie : _bcompte rendu de la première réunion = proceedings of the first meeting |
| 260 |
_aTúnez : _bUnesco, _c1995 |
||
| 300 | _a1030 páginas | ||
| 500 | _aEn portada: "World solar summit process - WSSP. Processus du Sommet solaire mondial - PSSM" | ||
| 650 | 4 |
_aEnergía solar _vCongresos _957681 |
|
| 902 | _aBerenice Martínez/090925 | ||
| 942 |
_2ddc _cLIBRO |
||
| 999 |
_c214028 _d214028 |
||